000 00882cam a2200265 i 4500
001 61534
003 Mx-PuUPA
005 20250708100359.0
008 141010s2002 mx gr 000 0 spa d
040 _aMx-PuUPA
_bspa
_cMx-PuUPA
_dMx-PuUPA
_erda
041 0 _aspa
100 1 _aMota, Ignacio H. de la,
_eautor
_93380
245 1 0 _aDiccionario guadalupano /
_cIgnacio H. de la Mota
250 _aTercera edición /
_bmarzo
264 1 _aMéxico :
_bEnciclopedia Guadalupana,
_c2002
300 _a302 páginas ;
_c22 cm
336 _atexto
_2rdacontent
_btxt
337 _asin medio
_2rdamedia
_bn
338 _avolumen
_2rdacarrier
_bnc
600 0 4 _aVirgen de Guadalupe
_xApariciones y milagros
600 0 4 _aNuestra Señora de Guadalupe
_vEnciclopedias y diccionarios
942 _2ddc
_cLI
_h232.91703
_iM57
999 _c61534
_d61534